000
00295nam a2200133Ia 4500
008
240624s9999 xx 000 0 und d
041
_a
eng
082
_a
823 JHA
100
_a
JHA RAJ KAMAL
245
_a
FIREPROOF
260
_c
2008
_a
New Delhi
_b
Macmillan
300
_a
388 : p.
365
_c
RS
999
_c
17128
_d
17128